Caraka saṃhitā kā sāṃskr̥tika anuśīlana / (Record no. 65184)

MARC details
000 -LEADER
fixed length control field 00711nam a2200217 a 4500
001 - CONTROL NUMBER
control field sa 65007530
003 - CONTROL NUMBER IDENTIFIER
control field DLC
005 - DATE AND TIME OF LATEST TRANSACTION
control field 20260227112149.0
008 - FIXED-LENGTH DATA ELEMENTS--GENERAL INFORMATION
fixed length control field 970916s1964 ii b b 000 0 hin
010 ## - LIBRARY OF CONGRESS CONTROL NUMBER
LC control number sa 65007530
040 ## - CATALOGING SOURCE
Original cataloging agency DLC
Transcribing agency DLC
050 00 - LIBRARY OF CONGRESS CALL NUMBER
Classification number R127.2
Item number .V53
100 0# - MAIN ENTRY--PERSONAL NAME
Personal name Vidyalankar, Atrideva,
Dates associated with a name 1902-
245 10 - TITLE STATEMENT
Title Caraka saṃhitā kā sāṃskr̥tika anuśīlana /
Statement of responsibility, etc. prastutakartā Atrideva Vidyalaṅkāra.
250 ## - EDITION STATEMENT
Edition statement 1. saṃskaraṇa.
260 ## - PUBLICATION, DISTRIBUTION, ETC.
Place of publication, distribution, etc. Vārāṇasī :
Name of publisher, distributor, etc. Śānti Prakāśana,
Date of publication, distribution, etc. [1964]
300 ## - PHYSICAL DESCRIPTION
Extent 11, 208 p. :
Other physical details maps ;
Dimensions 19 cm.
546 ## - LANGUAGE NOTE
Language note In Hindia.
504 ## - BIBLIOGRAPHY, ETC. NOTE
Bibliography, etc. note Includes bibliographical references (p. [295]-298)
650 #0 - SUBJECT ADDED ENTRY--TOPICAL TERM
Topical term or geographic name entry element Medicine, Ayurvedic
Chronological subdivision Early works to 1800.

No items available.

Powered by Koha